| 000 | 01142nam a22002897a 4500 | ||
|---|---|---|---|
| 999 |
_c63571 _d63571 |
||
| 005 | 20240530110648.0 | ||
| 008 | 171102s2015 ua ahk g b 000 0 ara d | ||
| 017 |
_a2015/1547 _bمصر. دار الكتب |
||
| 020 | _a9789777220682 | ||
| 040 |
_aEG-CaGPL _cEG-CaGPL |
||
| 082 | 0 | 4 |
_221 _a370.15 / _bم ق |
| 100 | 0 | _aهانى السيد العزب | |
| 245 | 1 | 2 |
_aالقائد الصغير ضرورة لبناء مستقبل جديد / _cتاليف هانى السيد العزب |
| 250 | _aط.1 | ||
| 260 |
_aالقاهرة : _bالمجموعة العربية للتدريب و النشر ، _c2015. |
||
| 300 |
_a185 ص. : _bايض ؛ _c24 سم. |
||
| 490 | 0 |
_aسلسلة قائد المستقبل ؛ _v10 |
|
| 504 | _aيشتمل على ارجاعات ببليوجرافية | ||
| 650 | 0 | 7 |
_2qrmak _aعلم النفس الادارى |
| 650 | 0 | 7 |
_2qrmak _aالاطفال _xتعليم |
| 650 | 0 | 7 |
_2qrmak _aالاطفال _xرعاية |
| 650 | 0 | 7 |
_2qrmak _aثقافة الاطفال |
| 650 | 0 | 7 |
_2qrmak _x علم النفس التربوى |
| 651 | _2qrmak | ||
| 942 |
_2ddc _cBK |
||